|
|
|
|
| LEADER |
00000nab a2200000 a 4500 |
| 001 |
vtls010123839 |
| 003 |
SK-MaSNL |
| 005 |
20260304155806.0 |
| 008 |
250507c2010 xo ||||||||||||00 b|slo |
| 015 |
|
|
|a SNBRB2010/08
|2 snkbucl
|
| 035 |
|
|
|a (uuid)cef73129-3189-4013-a33f-86f317a5a430
|
| 035 |
|
|
|a urn:nbn:sk:snk-ab9hme
|
| 035 |
|
|
|a (urnnbn)urn:nbn:sk:snk:ar-a08ez3
|
| 038 |
|
|
|a SNKBUCL
|
| 040 |
|
|
|a SNKBUCL
|b slo
|c SNKBUCL
|e AACR2
|
| 041 |
0 |
|
|a cze
|b cze
|b eng
|
| 044 |
|
|
|a xo
|c SK
|
| 080 |
|
|
|a 7.05
|x (450)
|2 1997
|
| 080 |
|
|
|a 749.1.05
|x (450)
|2 1997
|
| 080 |
|
|
|a 684.4
|x (450)
|2 1997
|
| 100 |
1 |
|
|a Kanická, Ludvika
|4 aut
|9 785583
|
| 245 |
1 |
0 |
|a Cassina - sázka na design a kvalitu
|c Ludvika Kanická
|
| 300 |
|
|
|b Fotogr.
|
| 546 |
|
|
|a Res. čes., angl.
|
| 610 |
2 |
7 |
|a Cassina (Miláno, Taliansko)
|2 snkbucl
|9 1481816
|
| 650 |
0 |
7 |
|a nábytkový dizajn
|x dejiny
|2 snkbucl
|9 482985
|
| 773 |
0 |
|
|t Stolársky magazín
|g Roč. 11, č. 6 (2010), s. 34-36
|x 1335-7018
|
| 850 |
|
|
|a Slovenská národná knižnica
|
| 852 |
|
|
|a Slovenská národná knižnica
|
| 958 |
|
|
|a article13
|
| 958 |
|
|
|a OND
|
| 958 |
|
|
|a IT
|
| 958 |
|
|
|a EUIPO
|
| 999 |
|
|
|c 2964296
|d 2966226
|